| 000 | 00430aam a2200181 4500 | ||
|---|---|---|---|
| 005 | 20170111104128.0 | ||
| 008 | 150727b xxu||||| |||| 00| 0 spa d | ||
| 041 | _aInglés | ||
| 082 | _a428 C771d | ||
| 100 |
_aCook, Guy _936056 |
||
| 245 | _aDiscourse | ||
| 260 |
_aInglaterra _bOxford _c2004 |
||
| 300 | _a167 páginas | ||
| 650 |
_aINGLÉS _92062 |
||
| 650 |
_a ENSEÑANZA _9236 |
||
| 650 |
_aDISCOURSE _936057 |
||
| 942 | _cBK | ||
| 999 |
_c8693 _d8693 |
||